Nepal : Selected Issues and Statistical Appendix.

This Selected Issues paper examines the effect of political instability on economic growth in Nepal. It uses publicly available data on political economy variables for 167 countries worldwide from 1970-2004 to estimate the impact of political instability on growth. The findings reveal that Nepal has...

Descrición completa

Detalles Bibliográficos
Autor Corporativo: International Monetary Fund
Formato: Revista
Idioma:English
Publicado: Washington, D.C. : International Monetary Fund, 2006.
Series:IMF Staff Country Reports; Country Report ; No. 2006/045
Acceso en liña:Full text available on IMF
LEADER 01665cas a2200241 a 4500
001 AALejournalIMF004010
008 230101c9999 xx r poo 0 0eng d
020 |c 5.00 USD 
020 |z 9781451830033 
022 |a 1934-7685 
040 |a BD-DhAAL  |c BD-DhAAL 
110 2 |a International Monetary Fund. 
245 1 0 |a Nepal :   |b Selected Issues and Statistical Appendix. 
264 1 |a Washington, D.C. :  |b International Monetary Fund,  |c 2006. 
300 |a 1 online resource (53 pages) 
490 1 |a IMF Staff Country Reports 
500 |a <strong>Off-Campus Access:</strong> No User ID or Password Required 
500 |a <strong>On-Campus Access:</strong> No User ID or Password Required 
506 |a Electronic access restricted to authorized BRAC University faculty, staff and students 
520 3 |a This Selected Issues paper examines the effect of political instability on economic growth in Nepal. It uses publicly available data on political economy variables for 167 countries worldwide from 1970-2004 to estimate the impact of political instability on growth. The findings reveal that Nepal has witnessed higher political instability compared with other countries in the region. The paper also presents the salient features of political instability and growth for Nepal and other South Asian countries, and the econometric estimates of growth regressions to measure the effect of political instability on economic growth. 
538 |a Mode of access: Internet 
830 0 |a IMF Staff Country Reports; Country Report ;  |v No. 2006/045 
856 4 0 |z Full text available on IMF  |u http://elibrary.imf.org/view/journals/002/2006/045/002.2006.issue-045-en.xml  |z IMF e-Library